| 000 | 00857nam a2200253Ia 4500 | ||
|---|---|---|---|
| 003 | OSt | ||
| 005 | 20221005112456.0 | ||
| 006 | a|||||r|||| 00| 0 | ||
| 007 | ta | ||
| 008 | 221004b |||||||| |||| 00| 0 pan d | ||
| 020 |
_a9789350687420 (hbk) _c250 |
||
| 024 | _a13970 | ||
| 037 |
_b875, 14/08/2014, H.K. Prakashan _cTextual |
||
| 040 |
_aCRL _cCRL _bpan |
||
| 041 |
_2pan _apan |
||
| 082 | _aO153,3NRIx, Q4 | ||
| 100 |
_aਮਹਿੰਦਰ ਰਿFਮ _9624343 |
||
| 245 | 0 | _aਜਗ਼ਖਿਆਂ ਦੀ ਸਰਗਮ | |
| 260 |
_aਚੰਡੀਗੜ _bਲੋਕਗੀਤ ਪ੍ਰਕਾFਨ ਭਾਰਤ _c2014 |
||
| 300 |
_a182ਪੰ _ccm. |
||
| 650 | _aਪੰਜਾਬੀ ਸਾਹਿਤ | ||
| 942 |
_hO153,3NRIx, Q4 _cTEXL _2cc |
||
| 999 |
_c1025000 _d1025000 |
||